000 00423nam a22001337a 4500
008 170320b xxu||||| |||| 00| 0 eng d
050 _aK12.E3575(1993 vol.13)
245 _aLegal studies: The Journal of the society of public teachers of law. /
_bedited by J. A. Andrews.
260 _aLondon:
_bButterworths,
_c1993.
300 _a435p.:
_c24cm.
440 _vvol.13
_x02613875
800 _aAndrews, J. A.
942 _2lcc
_cBK
999 _c6315
_d13815